000 00634nam a22002177a 4500
003 UA-OsUOA
001 135800
007 ta
008 20190218b un ||||| |||| 00| 0 ukr d
100 _aПечарський А.
090 _a82
_bП31
942 _cSA
040 _aUA-OsUOA
_bukr
_cUA-OsUOA
_dUA-OsUOA
245 _a"Код української літератури - розбудова національної державності..."
300 _aС.62-64
955 _a0
041 _aukr
080 _a82
773 0 _w135798
650 7 _a82 Література. Літературознавство
_2UDC
999 _c409001
_d409001